They Say I Say : The Moves That Matter In Academic Writing (Record no. 26136)

MARC details
000 -LEADER
fixed length control field 00621nam a22001937a 4500
003 - CONTROL NUMBER IDENTIFIER
control field OSt
005 - DATE AND TIME OF LATEST TRANSACTION
control field 20260703152812.0
008 - FIXED-LENGTH DATA ELEMENTS--GENERAL INFORMATION
fixed length control field 260703b |||||||| |||| 00| 0 eng d
020 ## - INTERNATIONAL STANDARD BOOK NUMBER
International Standard Book Number 978-0-393-93584-4
040 ## - CATALOGING SOURCE
Transcribing agency Chuka University Library
050 ## - LIBRARY OF CONGRESS CALL NUMBER
Classification number PE 1431 G7 2014
100 ## - MAIN ENTRY--PERSONAL NAME
Personal name Graff Gerald
9 (RLIN) 33046
245 ## - TITLE STATEMENT
Title They Say I Say : The Moves That Matter In Academic Writing
260 ## - PUBLICATION, DISTRIBUTION, ETC.
Place of publication, distribution, etc. New York
Name of publisher, distributor, etc. W.W . Norton and Company
Date of publication, distribution, etc. 2014
300 ## - PHYSICAL DESCRIPTION
Extent XI, 323 P
650 ## - SUBJECT ADDED ENTRY--TOPICAL TERM
Topical term or geographic name entry element English Language --- Rhetoric--- Handbooks, manuals
9 (RLIN) 31609
650 ## - SUBJECT ADDED ENTRY--TOPICAL TERM
Topical term or geographic name entry element Persuasion[rhetoric]--- Handbooks, manual
9 (RLIN) 33047
942 ## - ADDED ENTRY ELEMENTS (KOHA)
Source of classification or shelving scheme Library of Congress Classification
Koha item type Long Loan Books
Suppress in OPAC No
Holdings
Withdrawn status Lost status Source of classification or shelving scheme Damaged status Not for loan Collection Home library Current library Shelving location Date acquired Source of acquisition Cost, normal purchase price Total Checkouts Full call number Barcode Date last seen Price effective from Koha item type
    Library of Congress Classification     General Collection Books Main Campus Library Main Campus Library General Stacks 10/07/2025 Donation from books for Africa 1953.72   PE 1431 .G7 2014 37306/2026 03/07/2026 03/07/2026 Long Loan Books

Powered by Koha